000 00860nam a22002897a 4500
003 CHAP
005 20220329135032.0
008 971013s1945 r 00010 d
010 _a29913
011 _a30885
035 _a34997
040 _cCHAP
082 _a621.43
_bM35 1945
100 0 0 _aMaleev, V. L.
_970148
245 _aInternal-combustion engines
_b: theory and design
250 _a2 ed.
260 _aNew York :
_bMcGraw-Hill,
_c1945
300 _a636 p.
_b: ilus
590 _aBATCH-UPD
_b10
_c20130110
_lUCH01
_h1614
590 _aBATCH-UPD
_b10
_c20130410
_lUCH01
_h1009
590 _aBATCH-UPD
_b10
_c20130914
_lUCH01
_h1742
590 _aCONVERSION
_b10
_c20130109
_lUCH01
_h1317
650 1 4 _aMotores de combustión interna.
_979098
901 _aBK
942 _cLIBRO
949 _a621.43 M35 1945
_bBC
_cLIBRO
_d-80873
_eLIBRO
_h18652
_i34997
_si
999 _c29913
_d29913